00693 2200241 4500001002100000005001500021035002000036007000300056008004100059020002200100082001800122084002400140100002100164245008000185250002900265260004500294300003500339700001800374650002800392990000900420990001100429990001100440INLIS00000000000770620210412084958 a0010-0321001076ta210412 b | ind  a978-979-26-0138-1 aR.398.209 598 aR.398.209 598 ASY p0 aASYRAF, Suryadin1 aPutri Kayu Pelawan :bCerita Rakyat Bangka /cAsyraf Suryadin, Tien Rostini aed. Kearifan Lokal,cet.1 aYogyakarta :bHikayat Publisihing,c2010 aix, 40 hal. :bilus. ;c24 cm.0 aTIEN, Rostini 4aCERITA RAKYAT INDONESIA a1066 a1066 a a1066 b